Central Library OPAC University of Rajshahi

বাংলা নাট্য-বিবর্ধনে গিরিশচন্দ্র / (Record no. 53746)

MARC details
000 -LEADER
fixed length control field 01020nam a2200241 a 4500
001 - CONTROL NUMBER
control field 53746
003 - CONTROL NUMBER IDENTIFIER
rucl marc code BD-RjUL
005 - DATE AND TIME OF LATEST TRANSACTION
control field 20211209080020.0
008 - FIXED-LENGTH DATA ELEMENTS--GENERAL INFORMATION
fixed length control field 161024s1958 ii a|||| |||| 00| 0 ben d
020 ## - INTERNATIONAL STANDARD BOOK NUMBER
Terms of availability : Tk. 5.00
035 ## - SYSTEM CONTROL NUMBER
System control number (BD-RjUL)53868
040 ## - CATALOGING SOURCE
Original cataloging agency BD-RjUL
Language of cataloging ben
Transcribing agency BD-RjUL
041 ## - LANGUAGE CODE
Language code of text/sound track or separate title ben
082 ## - DEWEY DECIMAL CLASSIFICATION NUMBER
Edition number 23
Classification number 891.44209
Author mark and year CHB 1958
100 ## - MAIN ENTRY--PERSONAL NAME
Personal name চৌধুরী, অহীন্দ্র
9 (RLIN) 148635
245 10 - TITLE STATEMENT
Title বাংলা নাট্য-বিবর্ধনে গিরিশচন্দ্র /
Statement of responsibility, etc. অহীন্দ্র চৌধুরী
260 ## - PUBLICATION, DISTRIBUTION, ETC. (IMPRINT)
Place of publication, distribution, etc. কলিকাতা :
Name of publisher, distributor, etc. বুকল্যাণ্ড,
Date of publication, distribution, etc. ১৯৫৮
300 ## - PHYSICAL DESCRIPTION
Pagination [১৬], ১৮৪ পৃ. :
Illustrations চিত্র ;
Size ২৩ সেমি.
504 ## - BIBLIOGRAPHY, ETC. NOTE
Bibliography, etc গ্রন্থপঞ্জি ও নির্ঘণ্ট সংযুক্ত
650 ## - SUBJECT ADDED ENTRY--TOPICAL TERM
Topical term or geographic name as entry element বাংলা নাটক
General subdivision ইতিহাস ও সমালোচনা
9 (RLIN) 123674
Topical term or geographic name as entry element Bengali Drama
General subdivision History and Criticism
9 (RLIN) 122764
942 ## - ADDED ENTRY ELEMENTS (KOHA)
Source of classification or shelving scheme Dewey Decimal Classification
Koha item type Books
Holdings
Lost status Source of classification or shelving scheme Damaged status Not for loan Collection code Permanent Location Current Location Shelving location Date acquired Source of acquisition Total Checkouts Full call number Date last seen Copy number Koha item type Cost, normal purchase price
  Dewey Decimal Classification     Non-fiction Central Library, University of Rajshahi Central Library, University of Rajshahi   16/08/1973 Indian High Commission   B 891.44209 CHB 1958 24/10/2016 C-2 Books  
  Dewey Decimal Classification     Non-fiction Central Library, University of Rajshahi Central Library, University of Rajshahi   30/05/1973 Uttorbanga Library : Rajshahi   B 891.44209 CHB 1958 26/10/2016 C-3 Books 5.00
  Dewey Decimal Classification     Non-fiction Central Library, University of Rajshahi Central Library, University of Rajshahi   30/05/1964 F.K.I. Mukhopadya   B 891.44209 CHB 1958 26/10/2016 C-4 Books 5.00
  Dewey Decimal Classification     Non-fiction Central Library, University of Rajshahi Central Library, University of Rajshahi   30/05/1973 F.K.I. Mukhopadya   B 891.44209 CHB 1958 26/10/2016 C-5 Books 5.00
  Dewey Decimal Classification     Non-fiction Central Library, University of Rajshahi Central Library, University of Rajshahi   04/11/1974 johanthan wren and co.   B 891.44209 CHB 1958 26/10/2016 C-6 Books 5.00
  Dewey Decimal Classification     Non-fiction Central Library, University of Rajshahi Central Library, University of Rajshahi   30/05/1973 uttorbango, Rajshahi   B 891.44209 CHB 1958 23/11/2016 C-7 Books 5.00